[Event "Tokyo op"]
[Site "Tokyo"]
[Date "2022.11.05"]
[Round "5"]
[White "Nagataki, Kota"]
[Black "Kojima, Shinya"]
[Result "0-1"]
[WhiteElo "1904"]
[BlackElo "2330"]
[PlyCount "76"]
[EventDate "2022.11.03"]
[EventType "swiss"]
[EventRounds "7"]
[EventCountry "JPN"]
[SourceTitle "EXT 2024"]
[Source "ChessBase"]
[SourceDate "2023.10.10"]
[SourceVersion "1"]
[SourceVersionDate "2023.10.10"]
[SourceQuality "1"]

1. e4 e5 2. Nf3 Nc6 3. Bc4 Nf6 4. d3 h6 5. 0-0 d6 6. a3 g6 7. Be3 Bg7 8. h3 0-0 9. Qd2 Kh7 10. Nc3 Be6 11. Nd5 Bxd5 12. Bxd5 Nxd5 13. exd5 Ne7 14. c4 f5 15. Qb4 b6 16. a4 a5 17. Qa3 f4 18. Bd2 Nf5 19. b4 axb4 20. Qxb4 g5 21. a5 bxa5 22. Rxa5 Rxa5 23. Qxa5 h5 24. g4 hxg4 25. hxg4 Nh6 26. Rb1 Nxg4 27. Rb7 Rf7 28. Qa7 Nh6 29. Ba5 g4 30. Bxc7 Qf6 31. Nd2 Nf5 32. Ne4 Qh4 33. Bxd6 Rxb7 34. Qxb7 Nd4 35. Qxg7+ Kxg7 36. Bxe5+ Kg6 37. Bxd4 f3 38. Kf1 Qh1# 0-1

[Event "Tokyo op"]
[Site "Tokyo"]
[Date "2022.07.16"]
[Round "2"]
[White "Kojima, Shinya"]
[Black "Nagataki, Kota"]
[Result "1-0"]
[WhiteElo "2346"]
[BlackElo "1885"]
[PlyCount "107"]
[EventDate "2022.07.15"]
[EventType "swiss"]
[EventRounds "7"]
[EventCountry "JPN"]
[SourceTitle "EXT 2023"]
[Source "ChessBase"]
[SourceDate "2022.10.05"]
[SourceVersion "1"]
[SourceVersionDate "2022.10.05"]
[SourceQuality "1"]

1. e4 c6 2. Nf3 d5 3. Nc3 dxe4 4. Nxe4 Nf6 5. Qe2 Nxe4 6. Qxe4 Nd7 7. d4 Nf6 8. Qf4 e6 9. Bd3 Bd6 10. Qh4 c5 11. dxc5 Bxc5 12. 0-0 Bd7 13. Ne5 Qc7 14. Re1 Bc6 15. Bf4 Bd6 16. c4 Nd7 17. Ng6 Rg8 18. Rad1 Nf6 19. Bxd6 Qxd6 20. Be4 Qc7 21. Bxc6+ bxc6 22. Ne5 Rd8 23. Rxd8+ Kxd8 24. Qd4+ Kc8 25. Qc5 Nd7 26. Qxc6 Nxe5 27. Qxc7+ Kxc7 28. Rxe5 Rd8 29. g3 Rd2 30. Ra5 Kb6 31. b4 Rc2 32. Rb5+ Ka6 33. Rc5 Rxa2 34. Rc7 Rc2 35. c5 Rb2 36. Rxf7 Rxb4 37. Rxg7 Rc4 38. Rc7 e5 39. h4 h5 40. Kg2 Rc3 41. c6 e4 42. Rh7 Rxc6 43. Rxh5 Kb6 44. Re5 Rc4 45. h5 a5 46. h6 Rc6 47. Rh5 Rc8 48. h7 Rh8 49. g4 a4 50. g5 a3 51. g6 a2 52. Rh1 Kb5 53. Ra1 Kb4 54. Rxa2 1-0

[Event "Tokyo Summer op"]
[Site "Tokyo"]
[Date "2018.07.15"]
[Round "3"]
[White "Aoshima, Mirai"]
[Black "Nagataki, Kota"]
[Result "1-0"]
[WhiteElo "2423"]
[BlackElo "1545"]
[PlyCount "53"]
[EventDate "2018.07.15"]
[EventType "swiss"]
[EventRounds "6"]
[EventCountry "JPN"]
[SourceTitle "EXT 2019"]
[Source "ChessBase"]
[SourceDate "2018.10.10"]
[SourceVersion "1"]
[SourceVersionDate "2018.10.10"]
[SourceQuality "1"]

1. d4 d5 2. Nf3 Nc6 3. g3 Bf5 4. Bg2 Nb4 5. Na3 e6 6. 0-0 Nf6 7. c3 Nc6 8. Nh4 Bxa3 9. Nxf5 exf5 10. bxa3 h6 11. Rb1 Rb8 12. Qc2 Ne4 13. f3 Nd6 14. Bf4 0-0 15. Bh3 Re8 16. Rbe1 Qf6 17. Bxd6 Qxd6 18. Bxf5 Qxa3 19. e4 Qd6 20. e5 Qd8 21. f4 b5 22. Bh7+ Kf8 23. Bd3 b4 24. f5 bxc3 25. Qxc3 Rb4 26. Qxc6 Rxd4 27. Qc5+ 1-0